Online
Catalog

Reales cédulas y correspondencia de gobernadores de Santo Domingo. / (Record no. 26847)

MARC details
000 -CABECERA
campo de control de longitud fija 00664nam a2200193 a 4500
001 - NÚMERO DE CONTROL
campo de control 000027355
005 - FECHA Y HORA DE LA ÚLTIMA TRANSACCIÓN
campo de control 20200930030757.0
008 - DATOS DE LONGITUD FIJA--INFORMACIÓN GENERAL
campo de control de longitud fija 110331s1958 sp 000 0 spa d
040 ## - FUENTE DE LA CATALOGACIÓN
Centro catalogador/agencia de origen DO-SdBNP
Lengua de catalogación spa
Centro/agencia transcriptor BNPHU
082 ## - NÚMERO DE LA CLASIFICACIÓN DECIMAL DEWEY
Número de clasificación xxxx
Número de documento/Ítem R288c
245 00 - MENCIÓN DE TÍTULO
Título Reales cédulas y correspondencia de gobernadores de Santo Domingo. /
Mención de responsabilidad, etc. recopilación J. Marino Inchaustegui.
260 ## - PUBLICACIÓN, DISTRIBUCIÓN, ETC.
Lugar de publicación, distribución, etc. Madrid, :
Nombre del editor, distribuidor, etc. [s.n.],
Fecha de publicación, distribución, etc. 1958.
300 ## - DESCRIPCIÓN FÍSICA
Extensión v. ;
Dimensiones 24 cm.
490 1# - MENCIÓN DE SERIE
Mención de serie Histórico-documental Trujilloniana
500 ## - NOTA GENERAL
Nota general La biblioteca posee el volumen 3 y 5
500 ## - NOTA GENERAL
Nota general Incluye índices
700 1# - PUNTO DE ACCESO ADICIONAL--NOMBRE DE PERSONA
Nombre de persona Inchaustegui, J. Marino
9 (RLIN) 53793
830 #0 - PUNTO DE ACCESO ADICIONAL DE SERIE-TÍTULO UNIFORME
Título uniforme Histórico-documental Trujilloniana
9 (RLIN) 54436
Holdings
Estado de retiro Estado de pérdida Restricciones de uso No para préstamo Código de colección Localización permanente Ubicación/localización actual Ubicación en estantería Fecha de adquisición Número de inventario Total de préstamos Signatura topográfica completa Código de barras Fecha visto por última vez Precio válido a partir de Tipo de ítem Koha
        Raros y valiosos General General En catalogación 21.06.2011 LF1   v. 5, e. 3 27355-120 25.06.2020 25.06.2020 Préstamo en sala
        Raros y valiosos General General En catalogación 12.04.2011 LF1   v. 4, e. 3 27355-70 25.06.2020 25.06.2020 Préstamo en sala
        Raros y valiosos General General En catalogación 12.04.2011 LF1   v. 4, e. 4 27355-80 25.06.2020 25.06.2020 Préstamo en sala
        Raros y valiosos General General En catalogación 21.06.2011 LF1   v. 4, e. 5 27355-90 25.06.2020 25.06.2020 Préstamo en sala
      Excluido de préstamo Raros y valiosos Patrimonio Dominicano Patrimonio Dominicano Depósito 31.03.2011 LF1   v. 1 27355-10 25.06.2020 25.06.2020 No se presta
      Excluido de préstamo Raros y valiosos Patrimonio Dominicano Patrimonio Dominicano En catalogación 21.06.2011 LF1   v. 5 27355-100 25.06.2020 25.06.2020 No se presta
      Excluido de préstamo Raros y valiosos Patrimonio Dominicano Patrimonio Dominicano En catalogación 21.06.2011 LF1   v. 5, e. 2 27355-110 25.06.2020 25.06.2020 No se presta
      Excluido de préstamo Raros y valiosos Patrimonio Dominicano Patrimonio Dominicano Depósito 31.03.2011 LF1   v. 2 27355-20 25.06.2020 25.06.2020 No se presta
      Excluido de préstamo Raros y valiosos Patrimonio Dominicano Patrimonio Dominicano Depósito 05.04.2011 LF1   v. 3 27355-30 25.06.2020 25.06.2020 No se presta
      Excluido de préstamo Raros y valiosos Patrimonio Dominicano Patrimonio Dominicano Depósito 05.04.2011 LF1   v. 3, e. 2 27355-40 25.06.2020 25.06.2020 No se presta
      Excluido de préstamo Raros y valiosos Patrimonio Dominicano Patrimonio Dominicano En catalogación 12.04.2011 LF1   v. 4 27355-50 25.06.2020 25.06.2020 No se presta
      Excluido de préstamo Raros y valiosos Patrimonio Dominicano Patrimonio Dominicano En catalogación 12.04.2011 LF1   v. 4, e. 2 27355-60 25.06.2020 25.06.2020 No se presta

Powered by Koha